01123cam a2200349 i 45000010008000000030009000080050017000170070008000340080040000420150006000820170009000880200015000970200015001120350006001270400025001330800006001581000031001642400035001952450138002302600040003683000025004084900024004335210026004577000028004837000043005118300024005549420012005789450028005909520113006189560025007319990017007560000821DO-SdBNP20180219102645.00000821100514s 1999 sp a | |||| 000 f spa  a  a b  a842417898X a0064434168 a  aBPMSUbspacBPMSUe  a 1 aGabel, Wolfgangd1942-20151 aBastian sucht das zauberwort /10aBastián y la palabra mágica /h cWolfgang Gabel ; ilustraciones Ana G. Lartitegui ; traducción Eladio M. Bernaldo de Quirós  aLeón, España :bEverest,c1999. a58 p.: bil.c20 cm.1 aMontaña encantada aA partir de 8 años.12aLartitegui, Ana G.eil.12aBernaldo de Quirós, Eladio M.etrad. 0aMontaña encantada 2ddccBK aInventariado, 2018 / BT 00102ddc40708CI-GaBPMETbBPMETd2016-11-25eCOMPRAl0pBPMSU16111561r2016-11-25v71.00w2016-11-25yBK aYLOCKWARD810cBPMSU c12105d12105